Total Fluidity : Studio Zaha Hadid Projects 2000 - 2010 /
Salvato in:
| Altri autori: | , |
|---|---|
| Natura: | Libro |
| Lingua: | inglese |
| Pubblicazione: |
Wien :
Springer - Verlag,
2011
|
| Edizione: | 1. vydanie |
| Soggetti: | |
| Tags: |
Nessun Tag, puoi essere il primo ad aggiungerne!!
|
MARC
| LEADER | 00000nam a22000003a 4500 | ||
|---|---|---|---|
| 001 | 0031517 | ||
| 003 | SK-STU | ||
| 005 | 20190325164508.2 | ||
| 007 | ta | ||
| 008 | 180301s ----xo-----e------000-0-----d | ||
| 020 | |a 978--3-7091-0486-6 | ||
| 040 | |a STU |b slo | ||
| 041 | 0 | |a eng | |
| 044 | |a au | ||
| 100 | 1 | |a Hadid, Zaha |4 edt | |
| 245 | 1 | 0 | |a Total Fluidity : |b Studio Zaha Hadid Projects 2000 - 2010 / |c ed. Zaha Hadid ; ed. Patrik Schumacher |
| 250 | |a 1. vydanie | ||
| 260 | |a Wien : |b Springer - Verlag, |c 2011 | ||
| 300 | |a 249 s. | ||
| 650 | 0 | 7 | |a Hadid, Zaha |
| 650 | 0 | 7 | |a parametrická architektúra |
| 650 | 0 | 7 | |a parametrické navrhovanie |
| 650 | 0 | 7 | |a občianske budovy |
| 650 | 0 | 7 | |a obytné budovy |
| 700 | 1 | |a Schumacher, Patrik |4 edt | |
| 996 | |b 284AU07272 |c A* 10521/U |l AAKNST |s P |a 0 |w 0031517_0001 | ||